[Event "Kemp & Lauritzen Chess 2015"]
[Site "Fredericia"]
[Date "2015.05.08"]
[Round "5.1"]
[White "Thøgersen, Rasmus"]
[Black "Narmontas, IM Matas"]
[Result "1-0"]
[LiveChessVersion "1.4.2"]
[BlackElo "2427"]
[WhiteElo "2128"]

1. e4 {[%clk 1:59:57]} c5 {[%clk 1:59:25]} 2. Nf3 {[%clk 1:59:51]} e6
{[%clk 1:59:22]} 3. d4 {[%clk 1:59:33]} cxd4 {[%clk 1:59:19]} 4. Nxd4
{[%clk 1:59:27]} Qb6 {[%clk 1:59:16]} 5. Nb5 {[%clk 1:58:56]} a6 {[%clk 1:55:20]}
6. Be3 {[%clk 1:58:49]} Qa5+ {[%clk 1:55:14]} 7. N5c3 {[%clk 1:58:43]} b5
{[%clk 1:52:34]} 8. Nd2 {[%clk 1:58:08]} Bb7 {[%clk 1:51:26]} 9. Bd3
{[%clk 1:57:43]} Qc7 {[%clk 1:48:43]} 10. f4 {[%clk 1:56:00]} Nf6
{[%clk 1:44:52]} 11. Qe2 {[%clk 1:55:04]} d6 {[%clk 1:40:48]} 12. a3
{[%clk 1:51:07]} Nbd7 {[%clk 1:39:23]} 13. O-O-O {[%clk 1:44:37]} Nc5
{[%clk 1:28:38]} 14. Kb1 {[%clk 1:43:40]} Be7 {[%clk 1:27:49]} 15. g4
{[%clk 1:31:12]} d5 {[%clk 1:13:34]} 16. Bxc5 {[%clk 1:15:54]} Qxc5
{[%clk 1:08:48]} 17. f5 {[%clk 1:07:51]} Qb6 {[%clk 0:39:28]} 18. g5
{[%clk 0:54:19]} Nxe4 {[%clk 0:33:22]} 19. Ndxe4 {[%clk 0:53:30]} dxe4
{[%clk 0:33:17]} 20. Bxe4 {[%clk 0:52:00]} b4 {[%clk 0:19:01]} 21. axb4
{[%clk 0:43:03]} Bxb4 {[%clk 0:18:36]} 22. Na4 {[%clk 0:40:14]} Qc7
{[%clk 0:18:35]} 23. fxe6 {[%clk 0:38:25]} O-O {[%clk 0:18:04]} 24. Rd7
{[%clk 0:34:48]} Bxe4 {[%clk 0:17:41]} 25. Rxc7 {[%clk 0:34:37]} Bxh1
{[%clk 0:17:38]} 26. exf7+ {[%clk 0:32:19]} Kh8 {[%clk 0:17:32]} 27. Qd1
{[%clk 0:29:19]} Be4 {[%clk 0:16:43]} 28. Qd4 {[%clk 0:28:18]} 1-0

[Event "Kemp & Lauritzen Chess 2015"]
[Site "Fredericia"]
[Date "2015.05.08"]
[Round "5.2"]
[White "Nielsen, IM Jens Ove Fries"]
[Black "Rydström, FM Tom"]
[Result "1-0"]
[LiveChessVersion "1.4.2"]
[BlackElo "2291"]
[WhiteElo "2459"]

1. Nf3 {[%clk 1:59:47]} d5 {[%clk 1:59:44]} 2. g3 {[%clk 1:59:07]} Nf6
{[%clk 1:57:51]} 3. Bg2 {[%clk 1:58:50]} Bf5 {[%clk 1:56:20]} 4. d3
{[%clk 1:57:28]} Nc6 {[%clk 1:55:45]} 5. a3 {[%clk 1:55:44]} Qd7 {[%clk 1:53:45]}
6. h3 {[%clk 1:55:20]} e5 {[%clk 1:46:10]} 7. g4 {[%clk 1:52:11]} Be6
{[%clk 1:45:17]} 8. Ng5 {[%clk 1:51:59]} Bd6 {[%clk 1:40:16]} 9. Nxe6
{[%clk 1:50:58]} fxe6 {[%clk 1:39:29]} 10. c4 {[%clk 1:49:19]} Ne7
{[%clk 1:35:47]} 11. g5 {[%clk 1:48:19]} Nh5 {[%clk 1:32:28]} 12. e3
{[%clk 1:47:56]} g6 {[%clk 1:32:20]} 13. Nc3 {[%clk 1:45:12]} c6 {[%clk 1:31:49]}
14. h4 {[%clk 1:44:39]} Ng7 {[%clk 1:21:09]} 15. Qa4 {[%clk 1:41:36]} O-O
{[%clk 1:19:34]} 16. cxd5 {[%clk 1:38:45]} exd5 {[%clk 1:17:29]} 17. Nxd5
{[%clk 1:37:45]} Nxd5 {[%clk 1:16:07]} 18. Bxd5+ {[%clk 1:35:22]} Kh8
{[%clk 1:13:12]} 19. Be4 {[%clk 1:35:22]} b5 {[%clk 1:13:12]} 20. Qc2
{[%clk 1:35:22]} Rac8 {[%clk 1:13:12]} 21. b3 {[%clk 1:34:17]} c5
{[%clk 1:12:17]} 22. Bb2 {[%clk 1:34:13]} c4 {[%clk 1:09:13]} 23. dxc4
{[%clk 1:32:44]} bxc4 {[%clk 1:09:11]} 24. bxc4 {[%clk 1:31:57]} Qf7
{[%clk 1:08:46]} 25. Rc1 {[%clk 1:30:13]} Rxc4 {[%clk 1:02:57]} 26. Qxc4
{[%clk 1:28:32]} Qxf2+ {[%clk 1:02:55]} 27. Kd1 {[%clk 1:28:26]} Qxb2
{[%clk 1:02:41]} 28. Qc3 {[%clk 1:27:37]} Qb6 {[%clk 0:54:12]} 29. Ke2
{[%clk 1:22:46]} Qb5+ {[%clk 0:36:08]} 30. Qd3 {[%clk 1:19:33]} Qd7
{[%clk 0:36:04]} 31. Rhg1 {[%clk 1:17:09]} Qe7 {[%clk 0:32:53]} 32. Rgf1
{[%clk 1:14:05]} Rd8 {[%clk 0:32:02]} 33. Rcd1 {[%clk 1:10:06]} Ne6
{[%clk 0:30:59]} 34. Rf6 {[%clk 1:04:04]} Nc5 {[%clk 0:27:41]} 35. Qc4
{[%clk 1:03:02]} Rd7 {[%clk 0:23:09]} 36. Bb1 {[%clk 1:00:31]} 1-0

[Event "Kemp & Lauritzen Chess 2015"]
[Site "Fredericia"]
[Date "2015.05.08"]
[Round "5.3"]
[White "Boe, FM Mads"]
[Black "Bermudez, FM Sergio Adan"]
[Result "0-1"]
[LiveChessVersion "1.4.2"]
[BlackElo "2366"]
[WhiteElo "2341"]

1. e4 {[%clk 1:59:53]} c5 {[%clk 1:59:03]} 2. c3 {[%clk 1:59:40]} Nf6
{[%clk 1:58:55]} 3. e5 {[%clk 1:59:34]} Nd5 {[%clk 1:58:50]} 4. d4
{[%clk 1:59:28]} cxd4 {[%clk 1:58:15]} 5. cxd4 {[%clk 1:59:20]} d6
{[%clk 1:57:16]} 6. Nf3 {[%clk 1:58:17]} e6 {[%clk 1:56:56]} 7. a3
{[%clk 1:57:31]} Bd7 {[%clk 1:55:17]} 8. Bd3 {[%clk 1:55:24]} Bc6
{[%clk 1:54:59]} 9. O-O {[%clk 1:52:19]} Nd7 {[%clk 1:53:58]} 10. Re1
{[%clk 1:29:04]} Be7 {[%clk 1:43:07]} 11. Nbd2 {[%clk 1:27:42]} dxe5
{[%clk 1:39:04]} 12. dxe5 {[%clk 1:21:31]} Nc5 {[%clk 1:37:26]} 13. Bc2
{[%clk 1:12:17]} Nf4 {[%clk 1:35:49]} 14. Nc4 {[%clk 0:58:58]} Qxd1
{[%clk 1:11:34]} 15. Rxd1 {[%clk 0:58:48]} Ne2+ {[%clk 1:09:51]} 16. Kh1
{[%clk 0:58:12]} Bd5 {[%clk 1:01:35]} 17. Nd6+ {[%clk 0:48:59]} Bxd6
{[%clk 0:58:50]} 18. exd6 {[%clk 0:48:53]} Nxc1 {[%clk 0:35:31]} 19. Raxc1
{[%clk 0:48:47]} a6 {[%clk 0:31:29]} 20. Ne5 {[%clk 0:39:32]} Rd8
{[%clk 0:24:46]} 21. Bxh7 {[%clk 0:18:11]} Nb3 {[%clk 0:15:42]} 22. Rc7
{[%clk 0:14:57]} Rxh7 {[%clk 0:15:36]} 23. Re7+ {[%clk 0:04:56]} Kf8
{[%clk 0:15:30]} 24. Rxf7+ {[%clk 0:04:39]} Kg8 {[%clk 0:15:23]} 25. d7
{[%clk 0:04:24]} g5 {[%clk 0:14:29]} 26. Rxh7 {[%clk 0:03:48]} Kxh7
{[%clk 0:14:22]} 27. Rd3 {[%clk 0:02:59]} Na5 {[%clk 0:08:39]} 28. Rg3
{[%clk 0:00:30]} Nc6 {[%clk 0:08:16]} 29. Nf7 {[%clk 0:00:30]} Rxd7
{[%clk 0:08:00]} 30. Nxg5+ {[%clk 0:00:29]} Kh6 {[%clk 0:07:31]} 31. h4
{[%clk 0:00:28]} Ne5 {[%clk 0:06:45]} 32. Re3 {[%clk 0:00:20]} Ng4
{[%clk 0:06:21]} 0-1

[Event "Kemp & Lauritzen Chess 2015"]
[Site "Fredericia"]
[Date "2015.05.08"]
[Round "5.4"]
[White "Ochsner, FM Bjørn Møller"]
[Black "Veng, FM Johnni"]
[Result "1/2-1/2"]
[LiveChessVersion "1.4.2"]
[BlackElo "2304"]
[WhiteElo "2419"]

1. e4 {[%clk 1:59:58]} c5 {[%clk 1:58:34]} 2. Nf3 d6 {[%clk 1:58:28]} 3. d4
{[%clk 1:59:29]} cxd4 {[%clk 1:58:24]} 4. Nxd4 {[%clk 1:59:25]} Nf6
{[%clk 1:58:19]} 5. Nc3 {[%clk 1:59:18]} a6 {[%clk 1:58:14]} 6. Be3 e5
{[%clk 1:57:30]} 7. Nb3 {[%clk 1:59:05]} Be6 {[%clk 1:56:24]} 8. h3
{[%clk 1:58:34]} Be7 {[%clk 1:54:43]} 9. f4 {[%clk 1:58:20]} exf4
{[%clk 1:53:14]} 10. Bxf4 Nc6 11. Qe2 {[%clk 1:57:34]} Nd7 {[%clk 1:49:59]} 12.
O-O-O {[%clk 1:57:18]} Nce5 {[%clk 1:48:47]} 13. g4 {[%clk 1:54:05]} O-O
{[%clk 1:40:04]} 14. Nd4 Rc8 {[%clk 1:35:12]} 15. Qe3 {[%clk 1:52:45]} Re8
{[%clk 1:23:51]} 16. Nf5 {[%clk 1:32:00]} Bxf5 {[%clk 1:04:23]} 17. gxf5
{[%clk 1:10:55]} Qa5 {[%clk 0:58:04]} 18. Rg1 {[%clk 0:55:30]} Nb6
{[%clk 0:37:52]} 19. Qg3 {[%clk 0:42:20]} g6 {[%clk 0:29:01]} 20. Kb1
{[%clk 0:40:53]} Bf8 {[%clk 0:27:24]} 21. Nd5 {[%clk 0:23:24]} Nxd5 22. exd5 Rc5
{[%clk 0:19:18]} 23. Qb3 {[%clk 0:21:43]} b5 {[%clk 0:18:10]} 24. Bd2
{[%clk 0:18:48]} Qc7 {[%clk 0:13:44]} 25. Be3 {[%clk 0:15:43]} Nc4
{[%clk 0:13:05]} 26. Bf2 {[%clk 0:13:35]} Bh6 {[%clk 0:10:42]} 27. Bxc4
{[%clk 0:10:56]} Rxc4 {[%clk 0:10:33]} 28. Qd3 {[%clk 0:09:13]} Bg7
{[%clk 0:08:42]} 29. fxg6 {[%clk 0:06:00]} hxg6 30. Be3 1/2-1/2

[Event "Kemp & Lauritzen Chess 2015"]
[Site "Fredericia"]
[Date "2015.05.08"]
[Round "5.5"]
[White "Friis, FM Carsten Bank"]
[Black "Gergacz, IM Attila"]
[Result "1-0"]
[LiveChessVersion "1.4.2"]
[BlackElo "2374"]
[WhiteElo "2261"]

1. d4 {[%clk 1:59:59]} d5 {[%clk 1:59:22]} 2. c4 {[%clk 1:59:39]} c6
{[%clk 1:59:17]} 3. e3 {[%clk 1:59:31]} Nf6 {[%clk 1:58:36]} 4. Nc3
{[%clk 1:59:19]} e6 {[%clk 1:58:05]} 5. Nf3 {[%clk 1:58:48]} Bd6 {[%clk 1:57:55]}
6. Qc2 {[%clk 1:58:28]} Nbd7 {[%clk 1:57:42]} 7. Be2 {[%clk 1:56:06]} O-O
{[%clk 1:57:29]} 8. O-O {[%clk 1:55:57]} dxc4 {[%clk 1:56:11]} 9. Bxc4
{[%clk 1:55:19]} e5 {[%clk 1:56:00]} 10. Rd1 {[%clk 1:47:37]} Qe7
{[%clk 1:55:38]} 11. dxe5 {[%clk 1:26:33]} Nxe5 {[%clk 1:55:14]} 12. Nxe5
{[%clk 1:25:56]} Qxe5 {[%clk 1:53:28]} 13. f4 {[%clk 1:25:00]} Qe7
{[%clk 1:52:44]} 14. Bd3 {[%clk 1:16:12]} Bg4 {[%clk 1:32:07]} 15. Rf1
{[%clk 1:14:50]} Bc5 {[%clk 1:32:02]} 16. Kh1 {[%clk 1:13:51]} Rae8
{[%clk 1:27:36]} 17. h3 {[%clk 1:03:30]} Qd8 {[%clk 0:21:04]} 18. hxg4
{[%clk 0:47:49]} Nxg4 {[%clk 0:20:38]} 19. g3 {[%clk 0:47:32]} Qd6
{[%clk 0:20:26]} 20. Kg2 {[%clk 0:44:43]} Bxe3 {[%clk 0:15:41]} 21. Bxh7+
{[%clk 0:38:51]} Kh8 {[%clk 0:15:40]} 22. Bf5 {[%clk 0:38:19]} Nh6
{[%clk 0:15:20]} 23. Bxe3 {[%clk 0:27:46]} Rxe3 {[%clk 0:15:19]} 24. Rad1
{[%clk 0:27:02]} Qc5 {[%clk 0:15:17]} 25. Rh1 {[%clk 0:21:50]} Rfe8
{[%clk 0:13:57]} 26. Bg4 {[%clk 0:18:03]} Kg8 {[%clk 0:12:25]} 27. Rh5
{[%clk 0:16:11]} f5 {[%clk 0:10:59]} 28. Bxf5 {[%clk 0:11:59]} Qe7
{[%clk 0:02:33]} 29. Bh7+ {[%clk 0:08:52]} Kh8 {[%clk 0:02:32]} 30. Bg6
{[%clk 0:08:19]} Rf8 {[%clk 0:02:29]} 31. Qd2 {[%clk 0:06:33]} Kg8
{[%clk 0:01:51]} 32. Bc2 {[%clk 0:01:56]} b5 {[%clk 0:01:35]} 33. Bb3+
{[%clk 0:01:51]} Kh8 {[%clk 0:01:33]} 34. Rdh1 {[%clk 0:01:50]} b4
{[%clk 0:01:17]} 35. Rxh6+ {[%clk 0:01:33]} gxh6 {[%clk 0:01:16]} 36. Qd4+
{[%clk 0:01:29]} Kh7 {[%clk 0:01:13]} 37. Bc2+ {[%clk 0:01:26]} Kg8
{[%clk 0:01:10]} 38. Rxh6 {[%clk 0:01:10]} Qg7 {[%clk 0:00:48]} 39. Rg6
{[%clk 0:01:06]} Qxg6 {[%clk 0:00:37]} 40. Bxg6 {[%clk 0:01:05]} bxc3
{[%clk 0:00:28]} 41. Qxe3 {[%clk 0:01:04]} cxb2 {[%clk 0:00:27]} 42. Qb3+
{[%clk 0:01:02]} Kg7 {[%clk 0:00:26]} 43. Be4 {[%clk 0:00:58]} Rb8
{[%clk 0:00:26]} 44. Qxb8 {[%clk 0:00:56]} 1-0

[Event "Kemp & Lauritzen Chess 2015"]
[Site "Fredericia"]
[Date "2015.05.08"]
[Round "5.6"]
[White "Pedersen, Lars Wilton"]
[Black "Bjerre, Jonas"]
[Result "1/2-1/2"]
[LiveChessVersion "1.4.2"]
[BlackElo "2120"]
[WhiteElo "2084"]

1. c4 {[%clk 1:57:02]} e5 {[%clk 1:59:40]} 2. Nc3 {[%clk 1:56:55]} Bb4
{[%clk 1:58:26]} 3. Nf3 {[%clk 1:55:19]} Bxc3 {[%clk 1:58:06]} 4. bxc3
{[%clk 1:55:00]} Nc6 {[%clk 1:57:09]} 5. d4 {[%clk 1:46:42]} d6 {[%clk 1:49:53]}
6. e4 {[%clk 1:39:09]} Nf6 {[%clk 1:46:10]} 7. d5 {[%clk 1:34:27]} Ne7
{[%clk 1:43:43]} 8. Bd3 {[%clk 1:32:23]} Ng6 {[%clk 1:40:07]} 9. O-O
{[%clk 1:31:02]} O-O {[%clk 1:36:56]} 10. Ne1 {[%clk 1:23:36]} b6
{[%clk 1:33:26]} 11. Nc2 {[%clk 1:21:56]} Nd7 {[%clk 1:32:29]} 12. g3
{[%clk 1:17:55]} Nc5 {[%clk 1:30:39]} 13. Ne3 {[%clk 1:15:07]} Ne7
{[%clk 1:25:16]} 14. f4 {[%clk 1:11:36]} Bh3 {[%clk 1:17:04]} 15. Rf2
{[%clk 1:08:53]} f5 {[%clk 1:12:37]} 16. exf5 {[%clk 1:07:02]} e4
{[%clk 1:08:51]} 17. Be2 {[%clk 1:02:26]} Bxf5 {[%clk 1:06:27]} 18. g4
{[%clk 1:01:14]} Bd7 {[%clk 1:05:08]} 19. Ng2 {[%clk 0:59:57]} Ng6
{[%clk 1:00:04]} 20. Be3 {[%clk 0:55:56]} Nh4 {[%clk 0:56:05]} 21. f5
{[%clk 0:49:33]} Nxg2 {[%clk 0:53:41]} 22. Rxg2 {[%clk 0:47:56]} Qe7
{[%clk 0:50:11]} 23. Qd2 {[%clk 0:43:44]} Rae8 {[%clk 0:49:28]} 24. Re1
{[%clk 0:43:25]} Bc8 {[%clk 0:47:27]} 25. Bf1 {[%clk 0:40:59]} Ba6
{[%clk 0:44:32]} 26. Bd4 {[%clk 0:33:40]} Qd7 {[%clk 0:40:09]} 27. Rg3
{[%clk 0:29:47]} Nd3 {[%clk 0:31:43]} 28. Bxd3 {[%clk 0:23:56]} 1/2-1/2

[Event "Kemp & Lauritzen Chess 2015"]
[Site "Fredericia"]
[Date "2015.05.08"]
[Round "5.7"]
[White "Seegert, Kristian"]
[Black "Thuesen, Mogens Henrik"]
[Result "1-0"]
[LiveChessVersion "1.4.2"]
[BlackElo "2179"]
[WhiteElo "2210"]

1. e4 {[%clk 1:59:56]} e6 {[%clk 1:33:32]} 2. d4 {[%clk 1:59:48]} d5
{[%clk 1:33:24]} 3. Nc3 {[%clk 1:59:37]} Nf6 {[%clk 1:33:13]} 4. Bg5
{[%clk 1:59:29]} dxe4 {[%clk 1:33:00]} 5. Nxe4 {[%clk 1:59:16]} Be7
{[%clk 1:31:43]} 6. Bxf6 {[%clk 1:58:45]} gxf6 {[%clk 1:31:32]} 7. Nf3
{[%clk 1:57:44]} f5 {[%clk 1:30:58]} 8. Nc3 {[%clk 1:57:06]} b6 {[%clk 1:29:25]}
9. Ne5 {[%clk 1:40:49]} Bb7 {[%clk 1:23:17]} 10. Qh5 {[%clk 1:38:36]} O-O
{[%clk 1:22:44]} 11. O-O-O {[%clk 1:37:38]} f6 {[%clk 0:57:50]} 12. Ng6
{[%clk 1:36:21]} Qe8 {[%clk 0:34:59]} 13. Nxe7+ {[%clk 1:35:01]} Qxe7
{[%clk 0:33:42]} 14. Bc4 {[%clk 1:34:26]} Kh8 {[%clk 0:19:39]} 15. Rhe1
{[%clk 1:31:22]} Bxg2 {[%clk 0:15:58]} 16. Rxe6 {[%clk 1:28:20]} Qg7
{[%clk 0:13:03]} 17. Rg1 {[%clk 1:25:24]} c6 {[%clk 0:07:54]} 18. Ne2
{[%clk 1:19:36]} Nd7 {[%clk 0:04:17]} 19. Nf4 {[%clk 1:18:36]} Qg5
{[%clk 0:04:14]} 20. Qxg5 {[%clk 1:18:07]} 1-0

[Event "Kemp & Lauritzen Chess 2015"]
[Site "Fredericia"]
[Date "2015.05.08"]
[Round "5.8"]
[White "Jensen, Jakob Bjerre"]
[Black "Moe, FM Mogens"]
[Result "1/2-1/2"]
[LiveChessVersion "1.4.2"]
[BlackElo "2151"]
[WhiteElo "2168"]

1. d4 {[%clk 1:59:59]} Nf6 {[%clk 1:59:50]} 2. c4 {[%clk 1:59:56]} g6
{[%clk 1:59:40]} 3. Nc3 {[%clk 1:59:51]} d5 {[%clk 1:59:34]} 4. cxd5
{[%clk 1:59:41]} Nxd5 {[%clk 1:59:26]} 5. e4 {[%clk 1:59:36]} Nxc3
{[%clk 1:59:16]} 6. bxc3 {[%clk 1:59:33]} Bg7 {[%clk 1:59:02]} 7. Bc4
{[%clk 1:59:22]} c5 {[%clk 1:58:37]} 8. Ne2 {[%clk 1:59:16]} O-O {[%clk 1:58:18]}
9. O-O {[%clk 1:59:08]} Nc6 {[%clk 1:57:56]} 10. Be3 {[%clk 1:58:56]} Qc7
{[%clk 1:57:27]} 11. Rc1 {[%clk 1:58:29]} b6 {[%clk 1:55:55]} 12. Nf4
{[%clk 1:46:40]} e6 {[%clk 1:53:07]} 13. e5 {[%clk 1:38:06]} Na5 {[%clk 1:47:51]}
14. Bd3 {[%clk 1:37:38]} Bb7 {[%clk 1:47:23]} 15. Qg4 {[%clk 1:36:14]} f5
{[%clk 1:34:14]} 16. exf6 {[%clk 1:30:16]} Rxf6 {[%clk 1:34:05]} 17. Nh3
{[%clk 1:14:12]} Re8 {[%clk 1:29:42]} 18. Bf4 {[%clk 1:03:26]} Qd7
{[%clk 1:25:21]} 19. Be5 {[%clk 1:00:42]} Rff8 {[%clk 1:23:08]} 20. Bxg7
{[%clk 0:59:39]} Qxg7 {[%clk 1:17:30]} 21. dxc5 {[%clk 0:52:08]} bxc5
{[%clk 1:17:17]} 22. Ng5 {[%clk 0:49:51]} Qf6 {[%clk 1:12:54]} 23. Rce1
{[%clk 0:41:38]} c4 {[%clk 1:04:27]} 24. Bb1 {[%clk 0:40:02]} Bd5
{[%clk 1:00:52]} 25. Qh4 {[%clk 0:35:15]} Re7 {[%clk 1:00:10]} 26. Re3
{[%clk 0:33:21]} Nb7 {[%clk 0:44:08]} 27. Rh3 {[%clk 0:30:46]} Nd6
{[%clk 0:40:49]} 28. Qh6 {[%clk 0:23:40]} Qg7 {[%clk 0:40:08]} 1/2-1/2

[Event "Kemp & Lauritzen Chess 2015"]
[Site "Fredericia"]
[Date "2015.05.08"]
[Round "5.9"]
[White "Rossen, Claus"]
[Black "Olsen, Filip Boe"]
[Result "0-1"]
[LiveChessVersion "1.4.2"]
[BlackElo "2192"]
[WhiteElo "2174"]

1. d4 {[%clk 1:59:57]} d5 {[%clk 1:59:53]} 2. Nf3 {[%clk 1:59:48]} Nf6
{[%clk 1:59:47]} 3. c4 {[%clk 1:59:45]} c6 {[%clk 1:59:40]} 4. g3
{[%clk 1:59:25]} Bf5 {[%clk 1:59:09]} 5. Bg2 {[%clk 1:59:19]} e6 {[%clk 1:58:58]}
6. O-O {[%clk 1:59:04]} Nbd7 {[%clk 1:58:35]} 7. Nbd2 {[%clk 1:56:51]} h6
{[%clk 1:58:01]} 8. Qb3 {[%clk 1:56:10]} Qb6 {[%clk 1:56:38]} 9. Qxb6
{[%clk 1:55:41]} axb6 {[%clk 1:55:37]} 10. cxd5 {[%clk 1:54:03]} exd5
{[%clk 1:55:25]} 11. b3 {[%clk 1:50:03]} Bb4 {[%clk 1:53:44]} 12. Bb2
{[%clk 1:49:41]} O-O {[%clk 1:53:05]} 13. a3 {[%clk 1:48:32]} Bd6
{[%clk 1:53:05]} 14. Ne5 {[%clk 1:48:32]} b5 {[%clk 1:31:23]} 15. e4
{[%clk 1:38:57]} Bxe5 {[%clk 1:27:10]} 16. dxe5 {[%clk 1:34:26]} Nxe4
{[%clk 1:26:57]} 17. Nxe4 {[%clk 1:34:22]} dxe4 {[%clk 1:24:10]} 18. f4
{[%clk 1:12:56]} exf3 {[%clk 1:23:46]} 19. Bxf3 {[%clk 1:12:36]} Be6
{[%clk 1:22:52]} 20. Rfd1 {[%clk 1:06:25]} Rad8 {[%clk 1:17:55]} 21. b4
{[%clk 1:05:16]} Nb6 {[%clk 1:17:55]} 22. Bd4 {[%clk 1:05:16]} Nc4
{[%clk 1:17:55]} 23. a4 {[%clk 1:05:16]} bxa4 {[%clk 1:17:55]} 24. Rxa4
{[%clk 1:05:16]} Bd5 {[%clk 1:17:55]} 25. Be2 {[%clk 1:05:16]} Rfe8
{[%clk 1:08:36]} 26. Bxc4 {[%clk 0:53:45]} Bxc4 {[%clk 1:08:31]} 27. Raa1
{[%clk 0:53:39]} Be2 {[%clk 1:04:24]} 28. Rd2 {[%clk 0:52:34]} Bg4
{[%clk 1:03:19]} 29. Raa2 {[%clk 0:50:54]} Rd5 {[%clk 0:57:03]} 30. Bc3
{[%clk 0:50:19]} Rxd2 {[%clk 0:54:07]} 31. Rxd2 {[%clk 0:50:08]} Ra8
{[%clk 0:54:02]} 32. Kf2 {[%clk 0:48:03]} Ra3 {[%clk 0:52:48]} 33. Rd3
{[%clk 0:41:32]} Kf8 {[%clk 0:50:46]} 34. Ke3 {[%clk 0:38:56]} Bf5
{[%clk 0:50:00]} 35. b5 {[%clk 0:26:28]} c5 {[%clk 0:50:00]} 36. e6 0-1

[Event "Kemp & Lauritzen Chess 2015"]
[Site "Fredericia"]
[Date "2015.05.08"]
[Round "5.10"]
[White "Schou-Moldt, Thomas"]
[Black "Firooznia, Farzam"]
[Result "1-0"]
[LiveChessVersion "1.4.2"]
[BlackElo "2098"]
[WhiteElo "2175"]

1. e4 {[%clk 1:59:40]} c5 {[%clk 1:59:36]} 2. Nf3 {[%clk 1:59:17]} g6
{[%clk 1:59:12]} 3. d4 {[%clk 1:59:08]} cxd4 {[%clk 1:59:05]} 4. Nxd4
{[%clk 1:59:04]} Nc6 {[%clk 1:58:46]} 5. c4 {[%clk 1:56:41]} Nf6 {[%clk 1:58:42]}
6. Nc3 {[%clk 1:56:31]} Nxd4 {[%clk 1:58:35]} 7. Qxd4 {[%clk 1:56:22]} d6
{[%clk 1:58:24]} 8. Be3 {[%clk 1:55:34]} Bg7 {[%clk 1:57:50]} 9. f3
{[%clk 1:55:12]} O-O {[%clk 1:57:32]} 10. Qd2 {[%clk 1:55:02]} a5
{[%clk 1:54:11]} 11. Rc1 {[%clk 1:54:07]} a4 {[%clk 1:52:56]} 12. Be2
{[%clk 1:53:43]} Qa5 {[%clk 1:48:21]} 13. O-O {[%clk 1:50:36]} Be6
{[%clk 1:47:23]} 14. Rc2 Rfc8 {[%clk 1:34:44]} 15. b3 {[%clk 1:30:07]} axb3
{[%clk 1:28:18]} 16. axb3 {[%clk 1:29:35]} Nd7 {[%clk 1:27:32]} 17. Rb1
{[%clk 1:25:28]} Qb4 {[%clk 1:27:32]} 18. Qc1 {[%clk 0:40:29]} Nc5
{[%clk 1:07:57]} 19. Nd5 {[%clk 0:40:29]} Bxd5 {[%clk 1:07:57]} 20. cxd5
{[%clk 0:40:29]} Re8 {[%clk 0:48:37]} 21. Rc4 {[%clk 0:29:55]} Qa3
{[%clk 0:47:07]} 22. Qxa3 {[%clk 0:19:59]} Rxa3 {[%clk 0:46:59]} 23. Rb4
{[%clk 0:19:41]} Rea8 {[%clk 0:19:58]} 24. Bf1 {[%clk 0:13:35]} Ra1
{[%clk 0:18:04]} 25. Rxa1 {[%clk 0:13:27]} Rxa1 {[%clk 0:17:52]} 26. Kf2
{[%clk 0:12:00]} Ra7 {[%clk 0:11:36]} 27. Kg3 {[%clk 0:07:54]} Be5+
{[%clk 0:08:02]} 28. Kh3 {[%clk 0:07:51]} Kf8 {[%clk 0:05:46]} 29. Rb5
{[%clk 0:06:53]} Ra8 {[%clk 0:04:19]} 30. Bxc5 {[%clk 0:06:04]} dxc5
{[%clk 0:04:18]} 31. Rxc5 {[%clk 0:05:19]} b6 32. Rc6 {[%clk 0:04:46]} Rb8
{[%clk 0:03:50]} 33. Bb5 {[%clk 0:04:22]} Bd6 {[%clk 0:03:37]} 34. g3
{[%clk 0:03:56]} f6 {[%clk 0:03:12]} 35. f4 {[%clk 0:03:32]} Rb7 {[%clk 0:02:30]}
36. Rc8+ {[%clk 0:02:37]} Kg7 {[%clk 0:02:25]} 37. Ra8 {[%clk 0:01:27]} h6
{[%clk 0:01:46]} 38. Kg2 {[%clk 0:01:01]} g5 {[%clk 0:01:27]} 39. Kf3
{[%clk 0:00:48]} Rc7 {[%clk 0:00:40]} 40. Bc6 {[%clk 0:00:36]} Kf7
{[%clk 0:00:09]} 41. Ke3 {[%clk 0:00:10]} b5 {[%clk 0:24:09]} 42. Kf3
{[%clk 0:25:21]} b4 {[%clk 0:21:50]} 43. h3 {[%clk 0:21:52]} Kg7 {[%clk 0:19:09]}
44. Ke3 {[%clk 0:13:49]} Kf7 {[%clk 0:17:55]} 45. Kd4 {[%clk 0:11:31]} gxf4
{[%clk 0:17:26]} 46. gxf4 {[%clk 0:11:26]} Bxf4 {[%clk 0:16:40]} 47. Kc5
{[%clk 0:11:01]} Bd6+ {[%clk 0:15:24]} 48. Kb6 {[%clk 0:10:53]} Kg6
{[%clk 0:13:32]} 49. Rd8 {[%clk 0:10:06]} Be5 {[%clk 0:10:32]} 50. d6
{[%clk 0:09:22]} Rxc6+ {[%clk 0:09:56]} 51. Kxc6 {[%clk 0:09:15]} Bxd6
{[%clk 0:08:53]} 52. Rg8+ {[%clk 0:07:12]} Kf7 {[%clk 0:08:26]} 53. Rg2
{[%clk 0:06:51]} Ke6 {[%clk 0:07:46]} 54. Rg4 {[%clk 0:05:42]} Kf7
{[%clk 0:07:18]} 55. Kd5 {[%clk 0:05:15]} h5 {[%clk 0:05:46]} 56. Rg2
{[%clk 0:04:36]} h4 {[%clk 0:05:28]} 57. Kc4 {[%clk 0:03:40]} Ke6
{[%clk 0:04:07]} 58. Rg4 {[%clk 0:03:38]} f5 {[%clk 0:04:06]} 59. exf5+
{[%clk 0:03:30]} Kxf5 {[%clk 0:04:06]} 60. Rxh4 {[%clk 0:03:28]} e6
{[%clk 0:03:34]} 61. Rg4 {[%clk 0:03:15]} Be7 {[%clk 0:03:33]} 62. Rg7
{[%clk 0:03:04]} Bd6 {[%clk 0:03:16]} 63. h4 {[%clk 0:02:56]} Kf6
{[%clk 0:02:47]} 64. Rg2 {[%clk 0:02:49]} Bf4 {[%clk 0:02:40]} 65. Kxb4
{[%clk 0:02:43]} e5 {[%clk 0:02:39]} 66. Kc4 {[%clk 0:02:41]} Kf5
{[%clk 0:02:35]} 67. Kd5 {[%clk 0:02:38]} e4 {[%clk 0:02:32]} 68. Re2
{[%clk 0:02:37]} e3 {[%clk 0:02:28]} 69. Kd4 {[%clk 0:02:35]} Bg3
{[%clk 0:02:17]} 70. h5 {[%clk 0:02:29]} Bf2 {[%clk 0:02:04]} 71. h6
{[%clk 0:02:24]} Kg6 {[%clk 0:02:03]} 72. b4 {[%clk 0:02:17]} Kxh6
{[%clk 0:02:00]} 73. b5 {[%clk 0:02:16]} Kg6 {[%clk 0:01:54]} 74. b6
{[%clk 0:02:16]} Bg3 {[%clk 0:01:52]} 75. Rxe3 {[%clk 0:02:13]} Bh2
{[%clk 0:01:34]} 76. b7 {[%clk 0:02:09]} Kf7 {[%clk 0:01:31]} 77. Rb3
{[%clk 0:02:05]} Bb8 {[%clk 0:01:31]} 78. Rc3 {[%clk 0:02:02]} Ke7
{[%clk 0:00:41]} 79. Rc8 {[%clk 0:02:00]} Ba7+ {[%clk 0:00:41]} 80. Kd5
{[%clk 0:01:57]} Kd7 {[%clk 0:00:37]} 81. b8=Q {[%clk 0:01:51]} 1-0